Quiz de culture générale - Choix multiples - Statistiques

Statistiques générales
  • Ce quiz a été pris 220 fois
  • Le résultat moyen est 6 sur 15
Statistiques - réponses
Question Réponse % Correct
Lequel de ces végétaux ne perd pas ses feuilles à l'automne ? Houx
72%
Quel aliment très consommé en France est "chinois" lorsqu'il est recouvert de graines de sésame ? Nougat
57%
Par quelle épreuve débute toujours un triathlon ? Natation
49%
À quel réalisateur doit-on le film "Pas de printemps pour Marnie" (1964) ? Alfred Hitchcock
47%
Quelle proposition désigne un roman de Jules Verne ? Les Indes noires
47%
De quelle planète Europe est-il un des satellites naturels ? Jupiter
45%
Lorsqu'il chante, quel oiseau zinzinule ? La mésange
43%
Que désigne-t-on par les regs dans le désert du Sahara ? Des déserts de pierre
38%
Quel nom désigne les personnes qui parlent le portugais ? Lusophones
38%
Dans quel département français se situe la ville de la Bourboule ? Puy-de-Dôme
38%
De quelle fable de La Fontaine est tirée cette morale : "Patience et longueur de temps font plus que force ni que rage" ? Le Lion et le Rat
36%
Lequel des ces hommes était connu pour porter une moustache ? Mahatma Gandhi
34%
Quelle est la date de la fête nationale allemande ? 3 octobre
23%
Quelle année marque la création de l'imprimerie par Gutenberg ? 1450
19%
Quelle compétition sportive se déroule chaque année au mois de janvier ? Rallye automobile Monte-Carlo
15%
Aucun quiz correspondant
Distribution des résultats
% des personnes avec chaque résultat
Percentile par nombre de réponses
Votre historique - résultats
Vous n’avez pas pris ce quiz